书目信息 |
| 题名: |
搜神记
|
|
| 作者: | 树下野狐 著 | |
| 分册: | 一 神农使者 | |
| 出版信息: | 沈阳 辽宁教育出版社 2005.05 |
|
| 页数: | 239页 | |
| 开本: | 23cm | |
| 丛书名: | ||
| 单 册: | ||
| 中图分类: | I247.5 | |
| 科图分类: | ||
| 主题词: | 长篇小说--中国--当代 | |
| 电子资源: | ||
| ISBN: | 7-5382-7374-3 | |
| 000 | 00862nam0 2200229 450 | |
| 001 | 1039984749 | |
| 005 | 20100716111405.70 | |
| 010 | @a7-5382-7374-3@dCNY25.00 | |
| 100 | @a20100515d2005 km y0chiy0120 ea | |
| 101 | 0 | @achi |
| 102 | @aCN@b210000 | |
| 105 | @ay z 000ay | |
| 200 | 1 | @a搜神记@Asou shen ji@h一@i神农使者@f树下野狐著@Fshu xia ye hu zhu |
| 210 | @a沈阳@c辽宁教育出版社@d2005.05 | |
| 215 | @a239页@d23cm | |
| 330 | @a本书讲述的故事发生在炎帝、黄帝所处的洪荒时代。那正是群雄逐鹿中原之际,神农氏、黄帝、蚩尤、西王母、夸父、刑天…传说中的人物尽数登场,不仅有英雄游侠、妖女灵兽、魔法异术,作品对亲情、友情、爱情及恢宏的战斗场面的描述也十分精彩。 | |
| 517 | 1 | @a神农使者@Ashen nong shi zhe |
| 606 | 0 | @a长篇小说@y中国@z当代 |
| 690 | @aI247.5@v4 | |
| 701 | 0 | @a树下野狐@Ashu xia ye hu@4著 |
| 801 | 0 | @aCN@c20100515 |
| 905 | @dI247.5@eS6593-2:1@f3 | |
| 搜神记.一.神农使者/树下野狐著.-沈阳:辽宁教育出版社,2005.05 |
| 239页;23cm |
| ISBN 7-5382-7374-3:CNY25.00 |
| 本书讲述的故事发生在炎帝、黄帝所处的洪荒时代。那正是群雄逐鹿中原之际,神农氏、黄帝、蚩尤、西王母、夸父、刑天…传说中的人物尽数登场,不仅有英雄游侠、妖女灵兽、魔法异术,作品对亲情、友情、爱情及恢宏的战斗场面的描述也十分精彩。 |
| ● |
| 相关链接 |
|
|
|
正题名:搜神记
索取号:I247.5/S6593-2:1
 
预约/预借
| 序号 | 登录号 | 条形码 | 馆藏地/架位号 | 状态 | 备注 |
| 1 | 991497 | 209914976 | 社科二线400B/400B社科库 17排2列4层/ [索取号:I247.5/S6593-2:1] | 在馆 | |
| 2 | 991498 | 209914985 | 社科二线422/422社科库 9排2列4层/ [索取号:I247.5/S6593-2:1] | 在馆 | |
| 3 | 991499 | 209914994 | 文学库108/108文学库 36排5列5层/ [索取号:I247.5/S6593-2:1] | 在馆 |